00451nam a2200193Ia 4500008004100000020001800041050001600059100001900075245002500094245002200119245002200141260001500163260001600178260000900194300001600203300002000219300001000239500000800249170918s9999 xx 000 0 und d a9780439026994 bC264bl 2006 aCarbone, Elisa aBlood on the river : bJames town 1607 / cby Elisa Carbone. aNew York : bScholastic, c2006 a237 pages : billustrations ; c19cm. a820